<The> quality of life in European cities as seen by the citizens and measured by the European urban audit

Stručne o článku. Mestský audit - koncept a pokrytie. Analýza mestského auditu - príklady výsledkov. Vnímanie Európskej únie - koncept a pokrytie. Vnímanie Európskej únie - niektoré porovnateľné výsledky. Snahy korelácie vnímania a fakty. Vplyv geografickej lokácie.

Gespeichert in:
Bibliographische Detailangaben
1. Verfasser: Trutzel, Klaus
Format: Buchkapitel
Sprache:Englisch
Schlagworte:
Tags: Tag hinzufügen
Keine Tags, Fügen Sie das erste Tag hinzu!

MARC

LEADER 00000naa a2200000 4500
001 0117354
005 20231013082325.5
041 0 |a eng 
044 |a CZ 
245 1 0 |a <The> quality of life in European cities as seen by the citizens and measured by the European urban audit  |c Klaus Trutzel 
520 |a Stručne o článku. Mestský audit - koncept a pokrytie. Analýza mestského auditu - príklady výsledkov. Vnímanie Európskej únie - koncept a pokrytie. Vnímanie Európskej únie - niektoré porovnateľné výsledky. Snahy korelácie vnímania a fakty. Vplyv geografickej lokácie. 
610 2 0 |a mestá 
610 2 0 |a kvalita života 
610 2 0 |a obyvateľstvo 
610 2 0 |a audit 
610 2 0 |a analýzy 
610 2 0 |a Európska únia 
100 1 |a Trutzel, Klaus